00578nam a22001937a 450000500170000000800410001701000170005802000310007503500170010603700740012304000120019708200090020910000170021824500450023526000390028027000250031930000340034470000060037820080710112735.0080611t xxu||||| |||| 00| 0 eng d aB-269939-942 c6875.00 (a set of 4 vols.) aB-269939-942 bGrolier International/7.5.08/12/8.4.08/5.6.08/6250.00 (set of 4 vol.) aDPLbEN a483  aDisney, Walt aWords that name things /cby Walt Disney bGrolier Enterprisesc2007aDanbury aDanbury, Connecticut a159p.:c26 cm (Hb)bcol. ill. a